Statistiques concernant Football - Compo / Finale LDC 2023 : Manchester City - Inter Milan

Cliquez ici pour prendre le quiz!

Statistiques générales

  • Ce quiz a été pris 119 fois
    (50 depuis la dernière actualisation)
  • Le résultat moyen est 21 sur 31

Statistiques - réponses

Joueurs% Correct
Ederson
95%
Kévin De Bruyne
95%
Phil Foden
95%
Ruben Dias
95%
Erling Haaland
93%
Kyle Walker
93%
Nathan Aké
93%
Bernardo Silva
91%
Jack Grealish
91%
Lautaro Martinez
89%
Rodri
89%
John Stones
86%
Manuel Akanji
84%
André Onana
82%
Nicolo Barella
77%
Pep Guardiola
77%
Romelu Lukaku
77%
Alessandro Bastoni
66%
Federico Dimarco
66%
Ilkay Gündogan
64%
Simone Inzaghi
61%
Denzel Dumfries
59%
Hakan Çalhanoğlu
57%
Edin Dzeko
48%
Francesco Acerbi
48%
Henrikh Mkhitaryan
41%
Marcelo Brozovic
23%
Matteo Darmian
23%
Robin Gosens
16%
Danilo D'Ambrosio
11%
Raoul Bellanova
9%

Distribution des résultats

Percentile par nombre de réponses

% des personnes avec chaque résultat

Votre développement - résultats

Vous n’avez pas pris ce quiz depuis la dernière actualisation